000 00378nam a2200157Ia 4500
008 230917s9999||||xx |||||||||||||| ||und||
040 _e216058
_aMAIN
041 _aEnglish
082 _a823.8 D555H(2)
100 _aDickens, Charles
245 0 _aHard Times
250 _a2nd ed.
260 _aNew York
_bW W Norton and Company
_c1990
300 _axiv, 434 p.
942 _cBK
999 _c78092
_d78092